000 00415nam a2200109Ia 4500
008 160712s9999 xx 000 0 und d
100 _aBaunto, Assad L.
245 _cAssad L. Baunto,
_aMoney Growth and Velocity with Structural Breaks: Evidence from the Philippines
260 _c2012
_bPhilippine Management Review
650 _xMANAGEMENT
856 _uhttp://journals.upd.edu.ph/index.php/pmr/issue/view/248/showToc
999 _c297455
_d297455